Úvod

Enregistré dans:
Détails bibliographiques
Auteur principal: Kunovská, Ingrid, 1976-
Format: Chapitre de livre
Langue:slovaque
Tags: Ajouter un tag
Pas de tags, Soyez le premier à ajouter un tag!

MARC

LEADER 00000naa$a2200000$$$4500
001 0247637
005 20240502083700.6
041 0 |a slo 
044 |a CZ 
245 1 0 |a Úvod  |c Ingrid Kunovská 
100 1 |a Kunovská, Ingrid, 1976-